All the Songs from 'Fiddler on the Roof' - Statistics

General Stats
  • This quiz has been taken 9 times
  • The average score is 6 of 12
Answer Stats
Songs % Correct
If I Were a Rich Man
88%
Matchmaker, Matchmaker
88%
Sunrise, Sunset
88%
Anatevka
63%
Tradition
63%
Miracle of Miracles
50%
To Life
50%
Far From the Home I Love
38%
Sabbath Prayer
38%
Do You Love Me?
25%
Now I Have Everything
25%
Tevye's Dream
13%
No matching quizzes found
Score Distribution
Percent of People with Each Score
Percentile by Number Answered
Your Score History
You have not taken this quiz